Vývoj priemyselnej výroby na Slovensku v prvej polovici 19. storočia
Enregistré dans:
| Auteur principal: | |
|---|---|
| Format: | Livre |
| Langue: | slovaque |
| Publié: |
Bratislava
SAV
1961
|
| Collection: | Publikácie Slovenskej historickej spoločnosti pri SAV
5 |
| Tags: |
Pas de tags, Soyez le premier à ajouter un tag!
|
MARC
| LEADER | 00000nam a2200000 4500 | ||
|---|---|---|---|
| 001 | c123325 | ||
| 005 | 20250523093353.1 | ||
| 041 | 0 | |a slo | |
| 044 | |a SK | ||
| 245 | 1 | 0 | |a Vývoj priemyselnej výroby na Slovensku v prvej polovici 19. storočia |c Ján Novotný |
| 264 | 1 | |a Bratislava |b SAV |c 1961 | |
| 300 | |a 278 s. | ||
| 490 | 1 | |a Publikácie Slovenskej historickej spoločnosti pri SAV |v 5 | |
| 830 | 0 | |a Publikácie Slovenskej historickej spoločnosti pri SAV |v 5 | |
| 100 | 1 | |a Novotný, Jan | |